01025nas a2200229Ia 4500001001100000003000900011008004100020040001300061040001300074041001300087100005200100210001200152222001200164245014400176250001100320260002200331501008600353300001800439362003100457500026400488650004300752R142/E1687IT-RoPAU151124c99999999xx |||||||||||| ||und|| aIT-RoPAU cIT-RoPAU aFRANCESE aBurgelman Jean-ClaudegCodice Aut. SPICS: 43485 aRESEAUX aReseaux aRESEAUX, N.078 (LUGLIO/AGOSTO 1996)bService Universel, Service Public Et Souci De Diversite': Le Debat Sur Les Autoroutes De L'Information a1a ed. aPARISbCNETc1996 bPaulus - SPICS - Società San Paolo EM (non-commercial uses only)cCopyright2015 a12 p. [41-52] aN.078 (LUGLIO/AGOSTO 1996) aServizio Universale, Servizio Pubblico e Preoccupazione di Diversità: Dibattito Sulle Autostrade dell'Informazione. Principi Regolamentari, Dinamicie Negoziabili. Audiovisivo Pubblico: un Caso Problematico di Politica Pubblica al Servizio della Diversità. aCOMUNICAZIONEvPUBBLICAZIONE PERIODICA